000 00922nam a22002177a 4500
999 _c17985
_d17985
003 BDDh-ASL
005 20231015025651.0
008 200916b1966 ||||| |||| 001 0 d
040 _aBDDh-ASL
_cBDDh-ASL
_dBDDh-ASL
041 _abengali
082 _a297.12
_bAZU
100 _9812
_aআযাদ, আবুল কালাম
245 0 _aউম্মুল কুরআন/
_cআবুল কালাম আযাদ; আখতার ফারূখ (অনু.)।
246 _aUmmul Quran.
260 _aঢাকা:
_bবাঙলা একাডেমী,
_c১৯৬৬।
300 _a৪, ৩৮০ (৪) পৃষ্ঠা:
_c২১ সে. মি.।
504 _aগ্রন্থপঞ্জি ও নির্ঘন্ট সংযুক্ত।
650 0 _9814
_aকুরআন
_xইসলাম ধর্ম
700 0 _9813
_aফারূখ, আখতার
942 _2ddc
_cBK